000 00469 a2200157 4500
001 142517
040 _cLeonardo Da Vinci
041 _aPortuguês
082 _a372.1 T267mb
_bT267mb
100 _aTEIXEIRA, Mara Suplicy Vieira
245 _aMatemática
_b3º estágio - 1º semestre
260 _bLer e Crescer
_c1991
_aSão Paulo
362 _a19910000
697 _aMatemática
_aPré-escola
_aAlfabetização
_aRaciocínio
_aEnsino Fundamental 1. Ciclo
942 _cBK
999 _c142517
_d142517